Polish football clubs from IV division to Ekstraklasa. 23/24 - Statistics

General Stats
  • This quiz has been taken 357 times
  • The average score is 47 of 126
Answer Stats
Answer % Correct
Legia Warszawa
97%
Lech Poznań
96%
Cracovia
89%
Jagiellonia Białystok
87%
Wisła Kraków
87%
Arka Gdynia
86%
Lechia Gdańsk
86%
Raków Częstochowa
85%
ŁKS Łodź
84%
Pogoń Szczecin
84%
Śląsk Wrocław
84%
Widzew Łódź
84%
Zagłębie Lubin
84%
Ruch Chorzów
82%
Górnik Zabrze
81%
Korona Kielce
81%
Warta Poznań
81%
Motor Lublin
79%
Radomiak Radom
79%
GKS Katowice
76%
Piast Gliwice
76%
Polonia Warszawa
76%
Stal Mielec
76%
Wisła Płock
76%
Puszcza Niepołomice
71%
Stal Rzeszów
67%
Bruk-Bet Termalica Nieciecza
66%
Zagłębie Sosnowiec
66%
Resovia
64%
Miedź Legnica
63%
Odra Opole
62%
GKS Tychy
61%
Górnik Łęczna
58%
Podbeskidzie Bielsko-Biała
58%
Zawisza Bydgoszcz
58%
Polonia Bytom
57%
Znicz Pruszków
57%
Kotwica Kołobrzeg
54%
Stomil Olsztyn
54%
Wieczysta Kraków
54%
Elana Toruń
52%
Hutnik Kraków
52%
Pogoń Siedlce
51%
Sandecja Nowy Sącz
51%
Stal Stalowa Wola
50%
Chrobry Głogów
47%
KKS 1925 Kalisz
47%
Olimpia Elbląg
44%
Chojniczanka Chojnice
41%
GKS Bełchatów
40%
Garbarnia Kraków
39%
Skra Częstochowa
38%
Wisła Puławy
36%
Lech II Poznań
35%
Legia II Warszawa
35%
Olimpia Grudziądz
35%
Pogoń Grodzisk Mazowiecki
34%
GKS Jastrzębie
33%
Lechia Zielona Góra
32%
Zagłębie II Lubin
32%
Siarka Tarnobrzeg
31%
KSZO 1929 Ostrowiec Świętokrzyski
30%
ŁKS II Łódź
29%
Avia Świdnik
27%
Górnik Polkowice
25%
Rekord Bielsko-Biała
25%
Śląsk II Wrocław
25%
Unia Tarnów
25%
ŁKS 1926 Łomża
24%
Radunia Stężyca
24%
Jagiellonia II Białystok
22%
Pogoń II Szczecin
22%
Świt Skolwin
22%
Unia Skierniewice
22%
Flota Świnoujście
21%
Błękitni Stargard
19%
Podhale Nowy Targ
19%
Ślęza Wrocław
19%
Wisłoka Dębica
19%
Chełmianka Chełm
18%
Górnik II Zabrze
18%
Raków II Częstochowa
18%
Świt Nowy Dwór Mazowiecki
18%
Broń Radom
16%
MKS Kluczbork
16%
Legionovia Legionowo
15%
LKS Goczałkowice Zdrój
15%
Pelikan Łowicz
14%
Concordia Elbląg
13%
Gedania Gdańsk
13%
Karpaty Krosno
13%
Lechia Tomaszów Mazowiecki
13%
Star Starachowice
13%
Carina Gubin
11%
Karkonosze Jelenia Góra
11%
Mławianka Mława
11%
Olimpia Zambrów
11%
Polonia Środa Wielkopolska
11%
KS Stilon Gorzów Wielkopolski
10%
Sokół Kleczew
10%
Warta Gorzów Wielkopolski
10%
Warta Sieradz
10%
GKS Wikielec
9%
Podlasie Biała Podlaska
9%
Unia Swarzędz
9%
Cartusia Kartuzy
7%
Czarni Połaniec
7%
Gwarek Tarnowskie Góry
7%
Pniówek Pawłowice
7%
Świdniczanka Świdnik
7%
Orlęta Radzyń Podlaski
6%
Pilica Białobrzegi
6%
Pogoń Nowe Skalmierzyce
6%
Stolem Gniewino
6%
Victoria Sulejówek
6%
Wikęd Luzino
6%
Wiślanie Jaśkowice
6%
Odra Bytom Odrzański
5%
Unia Turza Śląska
5%
Vineta Wolin
5%
KP Starogard Gdański
4%
KS Wiązownica
4%
Noteć Czarnków
4%
Unia Solec Kujawski
4%
LZS Starowice Dolne
3%
Sokół Sieniawa
3%
No matching quizzes found
Score Distribution
Percent of People with Each Score
Percentile by Number Answered
Your Score History
You have not taken this quiz